00547nam a2200205 4500003000400000005001700004008004100021020001500062040001800077050001700095100004200112245002900154264003900183300001800222336002200240337002400262338002400286942001400310999001700324OSt20260601193841.0260506b |||||||| |||| 00| 0 eng d a0910503974 aICIbspacICI aNK1520b.D47 1aCooper Hewitt, National Design Museum 1aDesign for the other 90% bSmithsonianc2007aNueva York, EUA a144 páginas atexto2rdacontent asin medio2rdamedia avolumen2rdacarrier 2ddccBn1 c21436d21436